|
|
|
|
| LEADER |
01264nam a22003252a 4500 |
| 001 |
000056310 |
| 003 |
CZ BrMZK |
| 005 |
20120106203607.0 |
| 007 |
ta |
| 008 |
950407s1978 xr f cze d |
| 015 |
|
|
|a cnb000417043
|
| 035 |
|
|
|a (OCoLC)42147034
|
| 040 |
|
|
|a ABA001
|b cze
|c CBA001
|d ABA001
|
| 080 |
9 |
|
|a 37.014(075.3)
|
| 100 |
1 |
|
|a Kyrášek, Jiří,
|d 1929-1978
|7 jk01071281
|4 aut
|
| 245 |
1 |
0 |
|a Vybrané kapitoly z dějin pedagogiky :
|b učebnice pro stř. pedagog. školy, obor Vychovatelství /
|c Jiří Kyrášek, Rudolf Opata
|
| 250 |
|
|
|a 1. vyd.
|
| 260 |
|
|
|a Praha :
|b Státní pedagogické nakladatelství,
|c 1978
|
| 300 |
|
|
|a 124, [2] s. ;
|c 8°
|
| 500 |
|
|
|a 1400 výt.
|
| 500 |
|
|
|a Marginálie
|
| 504 |
|
|
|a Obsahuje bibliografii a poznámky
|
| 500 |
|
|
|a Zdobený tit. dvoulist
|
| 700 |
1 |
|
|a Opata, Rudolf,
|d 1924-1985
|7 jk01091157
|4 aut
|
| 910 |
|
|
|a BOA001
|b PK-0082.623
|b 2-0788.623
|
| 920 |
|
|
|a 000205707
|
| 990 |
|
|
|a BK
|
| 996 |
6 |
|
|b 2619810936
|c 2-0788.623
|l MZK
|r Sklad / do 1 hodiny
|n 0
|w 000056310
|u 000040
|a 1
|e BOA001
|j MZK50
|s P
|
| 996 |
7 |
|
|b 3119955816
|c PK-0082.623
|l MZK
|r Sklad / do 1 hodiny
|n 1
|w 000056310
|u 000020
|a 1
|e BOA001
|j MZK50
|s A
|
| 996 |
7 |
|
|b 3119975935
|c PK-0082.623
|l MZK
|r Sklad / do 1 hodiny
|n 0
|w 000056310
|u 000010
|a 1
|e BOA001
|j MZK50
|s A
|